000 00597nam a2200193Ia 4500
005 20250508162701.0
008 008 250505s9999 xx 000 0 eng d
020 _a81-900066-6-5
037 _aTextual
040 _aFEDL
_beng
_cFEDL
041 _aeng
_2eng
084 _a371.97, SHA
_qFEDL
100 _aSharma Dinesh
245 0 _aEducation and socialization among the tribes : With special reference to Gujjars of Kashmir
260 _aNew Delhi, India
_bCommonewalth Publishers
_c1988
300 _axiv,157p
942 _cTEXL
_h371.97, SHA
999 _c1378039
_d1378039